[Event "CZE-chT3A Middle 0506  "]
[Site "Czech Republic"]
[Date "2006.04.02"]
[Round "11.3"]
[White "Kopecky, Jiri"]
[Black "Lachman, Vaclav"]
[Result "1/2-1/2"]
[WhiteElo "1986"]
[BlackElo "1973"]
[PlyCount "66"]
[EventDate "2005.10.30"]
[EventType "team"]
[EventRounds "11"]
[EventCountry "CZE"]
[SourceTitle "EXT 2009"]
[Source "ChessBase"]
[SourceDate "2008.11.26"]
[SourceVersion "1"]
[SourceVersionDate "2008.11.26"]
[SourceQuality "1"]

1. e4 c6 2. d4 d5 3. exd5 cxd5 4. c4 dxc4 5. Bxc4 e6 6. Nf3 Nf6 7. Nc3 a6 8. 0-0 Be7 9. Re1 0-0 10. Bb3 Nbd7 11. Qd3 Nc5 12. Qd1 Nxb3 13. Qxb3 b5 14. Be3 Bb7 15. Ne5 Nd5 16. a4 b4 17. Ne4 Nxe3 18. Qxe3 Qd5 19. f3 Rac8 20. Rac1 h6 21. b3 Rfd8 22. Red1 Rxc1 23. Rxc1 Qxd4 24. Qxd4 Rxd4 25. Rc7 Bxe4 26. Rxe7 Bd5 27. Rxf7 Bxb3 28. Ra7 Bxa4 29. Rxa6 Bb3 30. Nc6 Rd1+ 31. Kf2 Bc4 32. Ra8+ Kh7 33. Nxb4 Rd2+ 1/2-1/2

[Event "CZE-chT3A Middle 0506  "]
[Site "Czech Republic"]
[Date "2006.01.08"]
[Round "5.4"]
[White "Lachman, Vaclav"]
[Black "Kozeny, Pavel"]
[Result "0-1"]
[WhiteElo "1973"]
[BlackElo "2040"]
[PlyCount "63"]
[EventDate "2005.10.30"]
[EventType "team"]
[EventRounds "11"]
[EventCountry "CZE"]
[SourceTitle "EXT 2009"]
[Source "ChessBase"]
[SourceDate "2008.11.26"]
[SourceVersion "1"]
[SourceVersionDate "2008.11.26"]
[SourceQuality "1"]

1. e4 c5 2. Nf3 e6 3. d4 cxd4 4. Nxd4 Nf6 5. Bd3 Nc6 6. c3 d5 7. Nxc6 bxc6 8. e5 Nd7 9. Bf4 Qb6 10. Qc2 Ba6 11. Be2 Bxe2 12. Qxe2 a5 13. b3 Bc5 14. Nd2 0-0 15. 0-0 Rfc8 16. Kh1 Bf8 17. Bg3 a4 18. f4 Qa6 19. Qf3 axb3 20. f5 Nc5 21. fxe6 fxe6 22. Qf7+ Kh8 23. a3 b2 24. Rab1 Qxa3 25. Rf3 Ne4 26. Nxe4 dxe4 27. Rff1 Qb3 28. Qf2 Ba3 29. Qe3 Qc2 30. Rfe1 Ra4 31. Red1 Rb8 32. Qg5 0-1